00734 a2200193 450000100060000008200130000609000170001910000470003624500660008326000260014930000120017550000110018752000470019861000590024594200270030499900190033195200950035095200950044592179 aN-6261-2 c44141d44140 aAtiya Zulfiqar; Carrier Advisory Cell NUST aResume Writing and Job Search HandBook (CD only)bNUSThon CD aIslamabadbNUSTc2015 aCD only aCD/DVD aCV writing; curriculum vitae writing skill anational university of science and technology Pakistan aCAE NUSTcCDkN-6261-2 c327252d327252 001040708NFICaCAEbCAEd2017-04-03l0oN-6261-2pCAEN-6261r2017-04-05w2017-04-05yBK 001040708NFICaCAEbCAEd2017-04-03l0oN-6261-2pCAEN-6262r2017-04-05w2017-04-05yBK